|
|
|
|
| LEADER |
00638nta a2200157 i 4500 |
| 001 |
dipl28310 |
| 005 |
20130314085510.0 |
| 008 |
110830s2004 hu om 0|| zxx d |
| 040 |
|
|
|a SZTE Diploma Repozitórium
|b hun
|
| 041 |
|
|
|a zxx
|
| 100 |
1 |
|
|a Gyüre Izabella
|
| 245 |
1 |
2 |
|a A munkahelyi diszkrimináció jogi szabályozása a munkajogban. Különös tekintettel a nemek közötti diszkriminációra
|h [elektronikus dokumentum] /
|c Izabella Gyüre
|
| 260 |
|
|
|c 2004
|
| 650 |
|
4 |
|a Jogi és igazgatási tanulmányok
|
| 700 |
1 |
|
|a Dabis Erzsébet
|e ths
|
| 856 |
4 |
0 |
|u http://diploma.bibl.u-szeged.hu/id/eprint/28310/1/2004_gyure_izabella.pdf
|z Dokumentum-elérés
|